| Record ID | ia:extremeownership0000will |
| Source | Internet Archive |
| Download MARC XML | https://archive.org/download/extremeownership0000will/extremeownership0000will_marc.xml |
| Download MARC binary | https://www.archive.org/download/extremeownership0000will/extremeownership0000will_meta.mrc |
LEADER: 01200cam a2200349 i 4500
001 2015025571
003 DLC
005 20151224080125.0
008 150714s2015 nyua 000 0deng
010 $a 2015025571
020 $a9781250067050 (hardcover)
020 $z9781466874961 (e-book)
040 $aDLC$beng$cDLC$erda$dDLC
042 $apcc
043 $aa-iq---$an-us---
050 00 $aDS79.764.A63$bW55 2015
082 00 $a303.3/4$223
100 1 $aWillink, Jocko.
245 10 $aExtreme ownership :$bhow U.S. Navy SEALs lead and win /$cJocko Willink and Leif Babin.
246 30 $aHow U.S. Navy SEALs lead and win
250 $aFirst edition.
264 1 $aNew York :$bSt. Martin's Press,$c[2015]
300 $axvii, 298 pages :$billustrations ;$c22 cm
336 $atext$2rdacontent
337 $aunmediated$2rdamedia
338 $avolume$2rdacarrier
650 0 $aIraq War, 2003-2011$xCampaigns$zIraq$zAnbār (Province)
650 0 $aLeadership$zUnited States.
610 10 $aUnited States.$bNavy.$bSEALs.$bTask Unit Bruiser.
610 10 $aUnited States.$bNavy.$bSEALs.$bOfficers$vBiography.
650 0 $aIraq War, 2003-2011$vPersonal narratives, American.
700 1 $aBabin, Leif.